| 000 | 00593nam a2200169 i 4500 | ||
|---|---|---|---|
| 001 | 36530 | ||
| 003 | ES-MaACL | ||
| 005 | 20230906155404.0 | ||
| 007 | t| | ||
| 008 | 030218s1918 xxk ||||1| eng d | ||
| 100 | 1 |
_aBryant, Louise. _932251 |
|
| 245 | 1 | 0 |
_aSix red months in Russia _b: an observer's account of Russia before and during the proletarian dictatorship / _cby Louise Bryant. |
| 260 |
_aLondon : _bW. Heinemann, _c[1918] |
||
| 300 |
_aXIV, 299 p., 18 lám. ; _c22 cm. |
||
| 651 | 4 |
_aRusia- _xHistoria- _y1917-1921 Revolución- _vRelatos personales. _99339 |
|
| 852 |
_aES-MaACL _jG-6136 |
||
| 999 |
_c36530 _d36530 |
||